| 000 | 00545nam a22001577a 4500 | ||
|---|---|---|---|
| 020 | _qHBK. | ||
| 082 | _a658.4 | ||
| 100 | _aAhsan, Muhammad | ||
| 245 |
_aDevelopment of Decision Support System for Investment in Pakistan Oil Refining Sector with Minimum Effect of Currency Risk Exposure _cMuhammad Ahsan. |
||
| 260 |
_aIslamabad: _bNBS - NUST, _c2014. |
||
| 300 |
_a45 p. : ill. ; _c30cm. |
||
| 650 |
_aEMBA Thesis. _917645 |
||
| 700 |
_aMr. Tariq Abbasi. _918197 |
||
| 942 |
_2ddc _cTHE |
||
| 999 |
_c527637 _d527637 |
||